| 000 | 00340 a2200145 4500 | ||
|---|---|---|---|
| 001 | 150790 | ||
| 040 | _cEscola São Tomás de Aquino | ||
| 100 | _aATIHÉ, Eliana | ||
| 240 | 1 | 0 |
_aOlhos para ver o que Deus fez _lpor |
| 245 | 1 | 0 | _aOlhos para ver o que Deus fez |
| 362 | 0 | _a2004 | |
| 440 | 1 | _aPaulinas | |
| 697 | _aRELIGIÃO | ||
| 942 | _cBK | ||
| 999 |
_c150790 _d150790 |
||